00776nam a2200205 a 450000100100000000500170001000800410002704000250006808200160009311000600010924000170016924500840018626000340027030000200030470000400032471000690036404900090043395201130044299900150055500000567520200929151737.0090821d2002 dr 001 0 spa d aDO-SdBNPbspacBNPHU axxxxbR426p1 aRepública DominicanabSuprema Corte de Justicia9790613a[Leyes, etc]10aProyecto de ley de registro inmobiliario /cintroducción Jorge A. Suvero Isa. aSanto Domingo :aPMJT,c2002. a90 p. ;c22 cm.1 aSuvero Isa, Jorge A.,eintr.9160372 aPrograma de Modernización de la Juridicción de Tierra916038 aBNPD 0010718PDaPDbPDcCTd2009-08-21iLF1l0oxxxx R426pp5675-10r2020-06-25w2020-06-25yLFPDZNo se presta c5473d5473